<?xml version="1.0" encoding="UTF-8"?>
<record
    xmlns:xsi="http://www.w3.org/2001/XMLSchema-instance"
    xsi:schemaLocation="http://www.loc.gov/MARC21/slim http://www.loc.gov/standards/marcxml/schema/MARC21slim.xsd"
    xmlns="http://www.loc.gov/MARC21/slim">

  <leader>01125nam a22002297a 4500</leader>
  <controlfield tag="005">20230912112324.0</controlfield>
  <controlfield tag="008">221021b           ||||| |||| 00| 0 eng d</controlfield>
  <datafield tag="040" ind1=" " ind2=" ">
    <subfield code="c">AL</subfield>
  </datafield>
  <datafield tag="041" ind1=" " ind2=" ">
    <subfield code="a">kan</subfield>
  </datafield>
  <datafield tag="082" ind1=" " ind2=" ">
    <subfield code="2">23</subfield>
    <subfield code="a">338.5K</subfield>
    <subfield code="b">HANS</subfield>
  </datafield>
  <datafield tag="100" ind1=" " ind2=" ">
    <subfield code="a">V B HANS: &#xCB5;&#xCBF; &#xCAC;&#xCBF; &#xCB9;&#xCCD;&#xCAF;&#xCBE;&#xCA8;&#xCCD;&#xCB8;&#xCCD; </subfield>
    <subfield code="9">133398</subfield>
  </datafield>
  <datafield tag="245" ind1=" " ind2=" ">
    <subfield code="a">Sukshma arthashastra: &#xCB8;&#xCC2;&#xC95;&#xCCD;&#xCB7;&#xCCD;&#xCAE; &#xC85;&#xCB0;&#xCCD;&#xCA5;&#xCB6;&#xCBE;&#xCB8;&#xCCD;&#xCA4;&#xCCD;&#xCB0; </subfield>
  </datafield>
  <datafield tag="260" ind1=" " ind2=" ">
    <subfield code="a">Bengaluru</subfield>
    <subfield code="b">HSRA Prakashana</subfield>
    <subfield code="c">2022</subfield>
  </datafield>
  <datafield tag="300" ind1=" " ind2=" ">
    <subfield code="a">xi,263p.</subfield>
    <subfield code="b">PB</subfield>
    <subfield code="c">20x14cm.</subfield>
  </datafield>
  <datafield tag="365" ind1=" " ind2=" ">
    <subfield code="2">4883</subfield>
    <subfield code="a">4883</subfield>
    <subfield code="b">199.00</subfield>
    <subfield code="c">&#x20B9;</subfield>
    <subfield code="d">249.00</subfield>
    <subfield code="e">20%</subfield>
    <subfield code="f">15-10-2022</subfield>
  </datafield>
  <datafield tag="520" ind1=" " ind2=" ">
    <subfield code="a">&#xCB8;&#xCC2;&#xC95;&#xCCD;&#xCB7;&#xCCD;&#xCAE; &#xC85;&#xCB0;&#xCCD;&#xCA5;&#xCB6;&#xCBE;&#xCB8;&#xCCD;&#xCA4;&#xCCD;&#xCB0;&#xCA6; &#xCAE;&#xCC2;&#xCB2;&#xC97;&#xCB3;&#xCC1; 
&#xC85;&#xCA8;&#xCC1;&#xCAD;&#xCCB;&#xC97;&#xCA6; &#xCA8;&#xCBF;&#xCB0;&#xCCD;&#xCA7;&#xCBE;&#xCB0;&#xC97;&#xCB3;&#xCC1; 
&#xC89;&#xCA4;&#xCCD;&#xCAA;&#xCBE;&#xCA6;&#xCA8;&#xCC6; &#xCAE;&#xCA4;&#xCCD;&#xCA4;&#xCC1; &#xCB5;&#xCC6;&#xC9A;&#xCCD;&#xC9A;&#xC97;&#xCB3;&#xCC1; 
&#xCAC;&#xCC6;&#xCB2;&#xCC6; &#xCA8;&#xCBF;&#xC97;&#xCA6;&#xCBF; 
&#xC95;&#xCB2;&#xCCD;&#xCAF;&#xCBE;&#xCA3; &#xC86;&#xCB0;&#xCCD;&#xCA5;&#xCB6;&#xCBE;&#xCB8;&#xCCD;&#xCA4;&#xCCD;&#xCB0; 
&#xC85;&#xCB0;&#xCCD;&#xCA5;&#xCB6;&#xCBE;&#xCB8;&#xCCD;&#xCA4;&#xCCD;&#xCB0;&#xCB5;&#xCC1; &#xC95;&#xCCD;&#xCB0;&#xCBF;&#xCAF;&#xCC6;&#xCAF;&#xCB2;&#xCCD;&#xCB2;&#xCBF;&#xCA6;&#xCC6; </subfield>
  </datafield>
  <datafield tag="650" ind1=" " ind2=" ">
    <subfield code="a">Micro Economics</subfield>
    <subfield code="9">60089</subfield>
  </datafield>
  <datafield tag="650" ind1=" " ind2=" ">
    <subfield code="a">II Semester BA</subfield>
    <subfield code="9">60090</subfield>
  </datafield>
  <datafield tag="650" ind1=" " ind2=" ">
    <subfield code="a">NEP </subfield>
    <subfield code="9">60091</subfield>
  </datafield>
  <datafield tag="700" ind1=" " ind2=" ">
    <subfield code="a">HANS (V B): &#xCB9;&#xCCD;&#xCAF;&#xCBE;&#xCA8;&#xCCD;&#xCB8;&#xCCD; (&#xCB5;&#xCBF; &#xCAC;&#xCBF;) </subfield>
    <subfield code="9">60092</subfield>
  </datafield>
  <datafield tag="942" ind1=" " ind2=" ">
    <subfield code="2">ddc</subfield>
    <subfield code="c">BK</subfield>
  </datafield>
  <datafield tag="999" ind1=" " ind2=" ">
    <subfield code="c">224899</subfield>
    <subfield code="d">224899</subfield>
  </datafield>
  <datafield tag="952" ind1=" " ind2=" ">
    <subfield code="0">0</subfield>
    <subfield code="1">0</subfield>
    <subfield code="2">ddc</subfield>
    <subfield code="4">0</subfield>
    <subfield code="7">0</subfield>
    <subfield code="8">ECO</subfield>
    <subfield code="a">AL</subfield>
    <subfield code="b">AL</subfield>
    <subfield code="d">2022-10-20</subfield>
    <subfield code="e">Biblios Book Point, Surathkal, Mangalore-575014</subfield>
    <subfield code="g">199.00</subfield>
    <subfield code="l">0</subfield>
    <subfield code="o">338.5K HANS</subfield>
    <subfield code="p">076140</subfield>
    <subfield code="r">2022-10-21 00:00:00</subfield>
    <subfield code="v">249.00</subfield>
    <subfield code="w">2022-10-21</subfield>
    <subfield code="y">BK</subfield>
  </datafield>
</record>
